Aaaaaaaaa - Statistics

General Stats
  • This quiz has been taken 40 times
  • The average score is 13 of 16
Answer Stats
Picture Answer % Correct
usa
97%
brazil
94%
canada
94%
mexico
94%
argentina
85%
chile
85%
paraguay
85%
uruguay
85%
guatemala
82%
bolivia
79%
colombia
79%
panama
79%
peru
79%
nicaragua
76%
costa rica
74%
ecuador
74%
No matching quizzes found
Score Distribution
Percent of People with Each Score
Percentile by Number Answered
Your Score History
You have not taken this quiz